| 000 | 00412nam a2200157Ia 4500 | ||
|---|---|---|---|
| 008 | 210716s2009 xx 000 0 und d | ||
| 020 | _a0199580545 | ||
| 041 | _aeng | ||
| 082 | _a658.312404 MAND | ||
| 100 | _aMankin, David. | ||
| 245 | _aHuman resource development. | ||
| 250 | _a1 | ||
| 260 |
_aNew York _bOxford University Press _c2009 |
||
| 300 | _axxvii,503/2013 | ||
| 650 | _aHuman Resource Development | ||
| 999 |
_c209448 _d209448 |
||